Double F Vocabulary Words #2 - Statistics

General Stats
  • This quiz has been taken 255 times
  • The average score is 11 of 20
Answer Stats
Definition Word % Correct
Not the same Different
97%
2,250,000,000 cups are drunk daily Coffee
88%
When planes leave the ground Takeoff
87%
When rockets leave the ground Liftoff
78%
Start of a football match Kickoff
74%
Horned, cow-sized, animal Buffalo
69%
Disturb, esp hair or feathers Ruffle
68%
Intense amorous relationship Affair
64%
Military-speak for yes Affirmative
57%
Endure pain Suffer
51%
Of men, acting like a woman Effeminate
47%
Propose for your consideration Offer
43%
Easy-going and pleasant Affable
40%
This man lives in Drury Lane Muffin
39%
Light, usually lustrous, fabric Taffeta
39%
Talk ambiguously, like a politician Waffle
35%
Bewilder (also a noise-dampener) Baffle
34%
Uncaring, disinterested Indifferent
33%
Untidy, shabby Scruffy
25%
Shy, unconfident Diffident
19%
No matching quizzes found
Score Distribution
Percent of People with Each Score
Percentile by Number Answered
Your Score History
You have not taken this quiz